000 00360nam a2200133Ia 4500
008 240112s1980 xx 000 0 und d
041 _aeng
082 _a543.705
100 _aKING J.S.
245 _aCLINICAL CHEMISTRY :JOURNAL OF THE AMERICAN ASS.OF THE CLINICAL CHEMISTS
260 _bPAUL B.HARPER
_c1980
300 _a4760,HB
_c(11-13)
440 _v26
999 _c1140821
_d1140821